MDQL
is popping MORE tags! Check the
thread
!
Quizzes
Events
Quiz Creation
Community
Videos
Private Events
Remove Ads
Sign In
Join for FREE
Feedback
Dark Mode
Quiz Categories
Sports
Geography
Music
Movies
Television
Just For Fun
Miscellaneous
History
Literature
Language
Science
Gaming
Entertainment
Religion
Holiday
For Kids
Quiz Lab
Recent
Popular Today
Quiz Kudos Today
Editor Picks
Curator Picks
Quizzes by...
Day
Popularity
Type
Ratings
Length
Year
Community
Subscriptions
Recent Discussions
Orange Saloon
Badges
Playlists
Quests
Create
Leaderboards
Showdown
Live 5
Trivia Bingo
Activity
Puzzle Library
Sporcle Events
Private Events
Virtual Trivia
Globe League
Become a Host
Pub Owners
SporcleCon
Opinionation
Our Games
Videos
Blog
Mobile Apps
Partnerships
Remove Ads and Go Orange
Feedback
Just For Fun
Clickable
Get the Picture
Humor
Quick Pick
Word Ladder
Missing Word
Mixed Word
Blitz
Minefield
This or That
Alphabet
Color
Typing
Sporcle
Puzzle
Word Play
Follow That Line
Logic
Just For Fun
Clickable
Get the Picture
Humor
Quick Pick
Word Ladder
Missing Word
Mixed Word
Blitz
Minefield
This or That
Alphabet
Color
Typing
Sporcle
Puzzle
Word Play
Follow That Line
Logic
Random Quiz
Search Sporcle
×
Quiz Lab
Quiz Lab
Just For Fun
Actress
Select answers by clicking on text or image buttons
Select answers by clicking on text or image buttons
Clickable
Best Score? Go Orange.
Clickable short lived marriages Stats
Can you pick the couple who had a marriage of less then a year?
By
mbmbsb
6m
28 Questions
159 Plays
159 Plays
159 Plays
Comments
Comments
Give Quiz Kudos
Give Quiz Kudos
-
- Ratings
hide this ad
More Info
Forced Order
Answers have to be entered in order
Answers have to be entered in order
Replay
Link that replays current quiz
Next Quiz
Link to next quiz in quiz playlist
You Got
0%
They Got
Avg Score
46%
Avg Friend Score
Upgrade to see
Score Distribution
Jump to the score distribution portion of the page
Score
0/28
Timer
06:00
0
Plays Today
% Correct
Kris Humphries
76.7%
Dennis Rodman
69.8%
Kid Rock
67.9%
Nicolas Cage
60.4%
Tom Green
59.7%
Conrad 'Nicky' Hilton
58.5%
Hank Azaria
58.5%
Kenny Chesney
58.5%
Jason Alexander
57.9%
Gregg Allman
56.6%
Cris Judd
54.1%
Ernest Borgnine
54.1%
Jim Carrey
52.2%
Ali Landry
48.4%
% Correct
Rick Salomon
48.4%
James DeBarge
45.9%
Chad Michael Murray
45.9%
Jennifer Esposito
45.3%
Dennis Hopper
39%
Rick Salomon
39%
Tracey Edmonds
36.5%
Amelia Warner
32.7%
Ashley Hamilton
29.6%
Chad 'Ochocinco' Johnson
27%
Jeremy Thomas
27%
Donna Peele
23.3%
Sunshine
20.1%
Todd Meister
18.2%
Quiz Playlist
Details
Report
Send in Message
Add To Playlist
More Info:
These are marriages that lasted less then a yr. The time frame listed could be when they divorced or separted or filed for divorce.
Clickable:
Select answers by clicking on text or image buttons
Forced Order:
Answers have to be entered in order
Quiz Source
Last Updated: Feb 16, 2017
Quiz Scoreboard
CHALLENGE
Sign Up to Join the Scoreboard
Show All
Scores
Hide
Comments
May contain spoilers
Recently Published
5x2 Blitz: Bands
by SL_Kpop136
Music
30s
Colored Red Africa Blitz
by spor1
Geography
30s
Find the 'City' Movie
by crazypaving
Movies
60s
More to Explore
Quiz From the Vault
Featured Blog Post
14 Easter Pick-up Lines to Find Eggs With
hide this ad
You Might Also Like...
Tags
Actor Quiz
Actress Quiz
Celebrity Quiz
Clickable Quiz
Singers Quiz
Charlie Sheen
Drew Barrymore
Eddie Murphy
Elizabeth Taylor
marriage
Musician
short
Today's Top Quizzes in Just For Fun
Browse Just For Fun
hide this ad
Today's Top Quizzes in Actress
Browse Actress
Top Contributed Quizzes in Just For Fun
1
Name Just One - 10 to 1: Just For Fun
2
Survivor Winners Logic Puzzle
3
Missing Word: 2-Letter A-Z II
4
Avatar the Last Airbender: Logic Puzzle
5
Shadowhunters Protagonists Logic Quiz
6
Quick 5-Color Logic (18)
7
Medium Renzoku Puzzle 11
8
Ultimate Minefield Blitz VIII
9
Ice Cream Logic Puzzle
10
Ultimate Minefield Blitz XXVIII
Explore More
Trending Topics
Harry Potter
Crossword
Disney
Kpop
NBA
Marvel
Anime
Song
Country
Soccer
Pokémon
The Office
WWE
NFL
Puzzle
hide this ad
More By:
mbmbsb
Quiz
Plays
Rating
Category
Featured
Created
4-Word TV Show Slot Machine
36,526
4.51
Television
Jun 28, 2014
3-Word TV Show Slot Machine
3,278
4.73
Television
Jun 23, 2014
5-Word TV Show Slot Machine
2,137
4.62
Television
Feb 15, 2017
Find the WWE Superstar in the Photo
1,623
3.57
Sports
Nov 13, 2018
Movies by the Numbers 1-50
724
3.82
Movies
Dec 8, 2016
Go to Creator's Profile
Score Distribution
Quiz Creator Spotlight
mbmbsb
Follow
Send a Message
Quizzes Created
-
Created Quiz Play Count
-
More By This Creator
Popular Quizzes Today
1
Find the 'City' Movie
2
5x2 Blitz: Bands
3
Colored Red Africa Blitz
4
Find the US States - No Outlines Minefield
5
The Countries of the World
6
Find the US States
7
9x9 Crossword: Cartoon Network
8
US States
More Just For Fun Quizzes
Clueless Word Grid I
Editor's Pick
Trending Quizzes
Colored Red Europe Blitz I
Colored Red Africa Blitz II
Colored Red Europe Blitz III
Colored Red Europe Blitz II
Colored Red Africa Blitz III
Recently Updated
Champions League XIs: Real Madrid
pecheneg
Largest US Cities 1790-2010
pecheneg
Rides in Walt Disney World
pecheneg
Most Oscar Losses (Acting)
pecheneg
Beyoncé Albums
pecheneg
Leaping Animals
pecheneg
Reality TV Shows (A-Z)
bhenderson79
Rickey Henderson's Hall of Fame Teammates
pecheneg
Champions League XIs: Arsenal
pecheneg
Quick Pick: Celebrities in WWE's Hall of Fame
aduchscher
Trending Topics
Anime
Crossword
Harry Potter
Disney
NBA
Marvel
Kpop
Pokémon
Country
NFL
The Office
Soccer
Puzzle
Song
WWE
Your Account Isn't Verified!
In order to create a playlist on Sporcle, you need to verify the email address you used during registration. Go to your
Sporcle Settings
to finish the process.
Report this User
Report this user for behavior that violates our
Community Guidelines
.
Details:
Send Report
Go to the Sporcle.com Mobile Site →
Comments